Statystyki dla Jakiego klubu to stadion? #1

Kliknij tutaj aby rozwiązać quiz!

Ogólne statystyki

  • Ten quiz został rozwiązany 949 razy
  • Średni wynik to 12 z 20

Statystyki odpowiedzi

StadionKlub% Poprawnych
Camp NouFC Barcelona
100%
Allianz ArenaBayern Monachium
97%
AnfieldLiverpool
97%
Parc des PrincesPSG
97%
Old TraffordManchester United
95%
Etihad StadiumManchester City
88%
Signal Iduna ParkBorussia Dortmund
87%
Wanda MetropolitanoAtletico Madryt
77%
King Power StadiumLeicester City
67%
Villa ParkAston Villa
57%
BayArenaBayer Leverkusen
56%
Allianz StadiumJuventus Turyn
53%
Estádio do DrãgaoFC Porto
52%
Orange VélodromeOlympique Marseille
40%
OlympiastadionHertha Berlin
36%
St. Mary's StadiumSouthampton
35%
Stade Louis IIAS Monaco
30%
Stadio San PaoloSSC Napoli
30%
Veltins ArenaSchalke 04 Gelsenkirchen
29%
Philips StadionPSV Eindhoven
18%

Rozkład punktacji

Percentyl według liczby udzielonych odpowiedzi

Procent ludzi z każdym wynikiem

Twoja historia wyników

Nie rozwiązałeś tego quizu